| 000 | 01785nam a2200301 4500 | ||
|---|---|---|---|
| 003 | EC-UNACH | ||
| 005 | 20251121181021.0 | ||
| 006 | s||||gr|||| 00| 00 | ||
| 008 | 150116t9999 mx r gr 000 0 spa d | ||
| 020 | _a9978-41-507-6 | ||
| 040 |
_aEC-UNACH _cEC-UNACH |
||
| 041 | _aspa | ||
| 082 | 0 | 4 |
_223 _a333.7 _bL018380 |
| 110 | _aOikos | ||
| 245 | _aManual de reciclaje de plásticos | ||
| 250 | _aPrimera edición | ||
| 264 |
_aEcuador _bOikos _c2000 |
||
| 300 | _a80 | ||
| 505 | _aCapítulo 1- Definiciones básicas, ¿qué es un plástico? -- Los plásticos como materiales de ingeniería. -- Definición de polímero y plástico. -- Mezclas de polímeros. —Capitulo 2- Los materiales de plásticos, ¿De dónde proviene? ¿Para qué se utilizan?.-- Propiedades de los materiales plásticos.—Capitulo 3 - Alternativas de aprovechamiento óptimo de los plásticos, ¿Cómo mejorar su uso?.-- Ciclo de vida de un material.-- Disminución de la generación de residuos industriales.-- Tecnologías limpias.-- Comparación entre los métodos de manejo de residuos plásticos.—Capitulo 4 -Procesos y productos de reciclaje ¿Cómo se puede reciclar y que productos se obtienen?-- Reciclado de termoplásticos.-- Reciclado de termoestables.-- Reciclado de elastómeros.—Capitulo 5 - La planta de reciclaje ¿es rentable el reciclaje?.-- La investigación exploratoria.-- Desarrollo del proceso industrial.-- Diseño de la planta | ||
| 650 | _aLOS PLÁSTICOS COMO MATERIALES DE INGENIERÍA | ||
| 650 | _aDEFINICIÓN DE POLÍMERO Y PLASTICO | ||
| 650 | _aMEZCLAS DE POLÍMEROS | ||
| 700 | _aFrancisco Cadena / Francisco Quiroz | ||
| 942 |
_2ddc _c1 |
||
| 999 | _c14211 | ||